[Event "1.d4 e6 variations"]
[Site "SchemingMind.com"]
[Date "2009.05.05"]
[Round "-"]
[White "swashbuckler"]
[Black "maro"]
[Result "1-0"]
[WhiteCountry "GBR"]
[BlackCountry "MEX"]
[WhiteElo "1855"]
[WhiteRD "85"]
[BlackElo "1335"]
[BlackRD "48"]
[GameID "203342"]

1. d4 e6 2. e4 d5 3. e5 Nc6 4. Nf3 Be7 5. Bd3 Nb4 6. O-O Nxd3 7. Qxd3 Bd7 8. c4 c6 9. Nc3 c5 10. cxd5 exd5
11. dxc5 Bxc5 12. Qxd5 Bxf2+ 13. Rxf2 Ne7 14. Qb3 O-O 15. Bg5 Be6 16. Qb4 Nd5 17. Nxd5 Qxd5 18. Rd2 Qc6 19. Nd4 Qe4 20. Re2 Qd5
21. Nxe6 fxe6 22. Qd6 Qc4 23. Rd2 h6 24. Be7 Rf1+ 25. Rxf1
1-0

[Event "1.d4 e6 variations"]
[Site "SchemingMind.com"]
[Date "2009.05.05"]
[Round "-"]
[White "swashbuckler"]
[Black "aadaam"]
[Result "1-0"]
[WhiteCountry "GBR"]
[BlackCountry "INT"]
[WhiteElo "1855"]
[WhiteRD "85"]
[BlackElo "1688"]
[BlackRD "47"]
[GameID "203343"]

1. d4 e6 2. Nf3 d5 3. g3 c5 4. Bg2 Nc6 5. O-O Nf6 6. c4 Qb6 7. cxd5 Nxd5 8. e4 Nf6 9. d5 exd5 10. exd5 Nb4
11. Nc3 Be7 12. Re1 Qd6 13. Bf4
1-0

[Event "1.d4 e6 variations"]
[Site "SchemingMind.com"]
[Date "2009.05.05"]
[Round "-"]
[White "swashbuckler"]
[Black "misol"]
[Result "0-1"]
[WhiteCountry "GBR"]
[BlackCountry "CAN"]
[WhiteElo "1796"]
[WhiteRD "87"]
[BlackElo "1702"]
[BlackRD "98"]
[GameID "203344"]

1. d4 e6 2. g3 d5 3. Bg2 Bb4+ 4. Bd2 Bxd2+ 5. Nxd2 Nf6 6. Ngf3 O-O 7. O-O Nbd7 8. c4 b6 9. cxd5 Nxd5 10. e4 N5f6
11. Re1 Bb7 12. Qc2 Rc8 13. b4 c5 14. bxc5 Re8 15. Rad1 bxc5 16. dxc5 Rxc5 17. Qb1 Qc7 18. Rc1 Bxe4 19. Rxc5 Nxc5 20. Nxe4 Ncxe4
21. Rxe4 Nxe4 22. Qxe4 Qc1+ 23. Bf1 Rc8 24. Kg2 g6 25. Qh4 Qb2 26. Ng5 Qb7+ 27. Kg1 h5 28. Qf4 Qe7 29. Ne4 Kg7 30. Qe5+ f6
31. Qb2 e5 32. Bh3 f5 33. Nd2 Kf6 34. f4 Qc5+ 35. Kg2 Qc6+ 36. Kg1 Qc1+ 37. Qxc1 Rxc1+ 38. Bf1 Ra1 39. fxe5+ Kxe5 40. Nc4+ Kd4
0-1

[Event "1.d4 e6 variations"]
[Site "SchemingMind.com"]
[Date "2009.05.05"]
[Round "-"]
[White "lame wolf"]
[Black "swashbuckler"]
[Result "0-1"]
[WhiteCountry "INT"]
[BlackCountry "GBR"]
[WhiteElo "1099"]
[WhiteRD "48"]
[BlackElo "1880"]
[BlackRD "85"]
[GameID "203345"]

1. d4 e6 2. c4 Nf6 3. e3 Bb4+ 4. Bd2 Qe7 5. Bxb4 Qxb4+ 6. Qd2 Qxd2+ 7. Nxd2 b6 8. Be2 Bb7 9. Bf3 d5 10. cxd5 Nxd5
11. Ne2 Nd7 12. O-O O-O 13. Nc3 N7f6 14. Nxd5 Nxd5 15. e4 Ne7 16. b4 Rfd8 17. Nb3 Nc6 18. b5 Nxd4 19. Nxd4 Rxd4 20. a4 Rad8
21. Rad1 Rxd1 22. Bxd1 Bxe4 23. Bf3 Bxf3 24. gxf3 e5 25. Kg2 Rd4 26. Rc1 Rd7 27. a5 f5 28. axb6 cxb6 29. Rc8+ Kf7 30. Kg3 g5
31. h3 h5 32. h4 g4 33. f4 Rd3+ 34. Kg2 exf4 35. Rc7+ Ke6 36. Rxa7 f3+ 37. Kg3 Rd4 38. Ra6 f4+ 39. Kh2 Rd6 40. Ra4 Kf5
41. Ra7 Rd5 42. Rf7+ Ke4 43. Rh7 Rxb5 44. Rb7 Rb2 45. Kg1 Rb1+ 46. Kh2 g3+
0-1

[Event "1.d4 e6 variations"]
[Site "SchemingMind.com"]
[Date "2009.05.06"]
[Round "-"]
[White "Zugzwang"]
[Black "swashbuckler"]
[Result "0-1"]
[WhiteCountry "CAN"]
[BlackCountry "GBR"]
[WhiteElo "1474"]
[WhiteRD "59"]
[BlackElo "1880"]
[BlackRD "85"]
[GameID "203346"]

1. d4 e6 2. e4 d5 3. e5 c5 4. c3 Nc6 5. Nf3 Bd7 6. Bg5 Qb6 7. b3 cxd4 8. cxd4 Bb4+ 9. Bd2 Nxd4 10. Bxb4 Qxb4+
11. Nbd2 Ne7 12. Bd3 Nxf3+ 13. Qxf3 Ng6 14. O-O Qxd2 15. Rfd1 Qf4 16. Bxg6 Qxf3 17. gxf3 hxg6 18. Rd4 Rc8 19. Re1 Rc2 20. Rb4 Bc6
21. a4 Rc3 22. Re3 d4 23. Rxd4 Rxe3 24. fxe3 Bxf3 25. Kf2 Bd5 26. Rb4 Rxh2+ 27. Kg3 Rg2+ 28. Kh3 Re2 29. Rg4 Rxe3+ 30. Kh4 Rxe5
31. b4 Re4 32. Rxe4 Bxe4 33. Kg4 e5 34. Kg5 Bf5 35. b5 f6+ 36. Kh4 g5+ 37. Kg3 Ke7 38. Kf3 Ke6 39. Kg3 b6 40. Kf3 Kd5
41. Ke3 Kc4
0-1

[Event "1.d4 e6 variations"]
[Site "SchemingMind.com"]
[Date "2009.05.05"]
[Round "-"]
[White "Shaka"]
[Black "swashbuckler"]
[Result "0-1"]
[WhiteCountry "VEN"]
[BlackCountry "GBR"]
[WhiteElo "1786"]
[WhiteRD "73"]
[BlackElo "1880"]
[BlackRD "85"]
[GameID "203347"]

1. d4 e6 2. e4 d5 3. exd5 exd5 4. Nf3 Bg4 5. Bd3 Nf6 6. O-O Be7 7. Re1 O-O 8. c3 Nbd7 9. Bg5 c5 10. h3 Bh5
11. Nbd2 Re8 12. Nf1 Ne4 13. Bxe7 Qxe7 14. Ng3 Bg6 15. dxc5 Ndxc5 16. Bc2 Rad8 17. Qd4 Qc7 18. Qe3 Nf6 19. Qd2 Nce4 20. Qd4 Nxg3
21. Bxg6 Ne2+ 22. Rxe2 Rxe2 23. Bd3 Rxb2 24. Bf1 Qb6 25. Qe5 Qxf2+ 26. Kh1 Ne4
0-1

[Event "1.d4 e6 variations"]
[Site "SchemingMind.com"]
[Date "2009.05.06"]
[Round "-"]
[White "maro"]
[Black "swashbuckler"]
[Result "0-1"]
[WhiteCountry "MEX"]
[BlackCountry "GBR"]
[WhiteElo "1335"]
[WhiteRD "48"]
[BlackElo "1855"]
[BlackRD "85"]
[GameID "203348"]

1. d4 e6 2. d5 exd5 3. Qxd5 Nf6 4. Qd4 Nc6 5. Qe3+ Be7 6. Nf3 O-O 7. g3 Re8 8. Qb3 d5 9. e3 Bf5 10. Bd3 Bg4
11. Be2 Ne4 12. O-O Qd7 13. Nc3 Be6 14. Rd1 Nxc3 15. Qxc3 Bf6 16. Nd4 Bh3 17. Bf3 Re7 18. Re1 Nxd4 19. Qc5 Nxf3+ 20. Kh1 Bf1
21. Rxf1 Qh3 22. Bd2 Qxh2#
0-1

[Event "1.d4 e6 variations"]
[Site "SchemingMind.com"]
[Date "2009.05.05"]
[Round "-"]
[White "aadaam"]
[Black "swashbuckler"]
[Result "0-1"]
[WhiteCountry "INT"]
[BlackCountry "GBR"]
[WhiteElo "1688"]
[WhiteRD "47"]
[BlackElo "1855"]
[BlackRD "85"]
[GameID "203349"]

1. d4 e6 2. e4 d5 3. Nc3 Nf6 4. Bg5 Be7 5. e5 Nfd7 6. Bxe7 Qxe7 7. Qg4 f5 8. Qg3 a6 9. f4 c5 10. Nf3 Nc6
11. O-O-O c4 12. Be2 b5 13. h4 b4 14. Na4 a5 15. Qg5 Ba6 16. b3 cxb3 17. Qxe7+ Kxe7 18. axb3 Bxe2
0-1

[Event "1.d4 e6 variations"]
[Site "SchemingMind.com"]
[Date "2009.05.06"]
[Round "-"]
[White "misol"]
[Black "swashbuckler"]
[Result "1-0"]
[WhiteCountry "CAN"]
[BlackCountry "GBR"]
[WhiteElo "1702"]
[WhiteRD "98"]
[BlackElo "1796"]
[BlackRD "87"]
[GameID "203350"]

1. d4 e6 2. e4 d5 3. e5 c5 4. c4 cxd4 5. Nf3 Nc6 6. cxd5 Qxd5 7. b3 Bb4+ 8. Bd2 Bc5 9. Bc4 Qe4+ 10. Qe2 Qxe2+
11. Bxe2 Nge7 12. O-O Ng6 13. b4 Bb6 14. Bb5 Bd7 15. Na3 Ncxe5 16. Rac1 Nxf3+ 17. gxf3 Bxb5 18. Nxb5 O-O 19. Nd6 Ne5 20. Kg2 Rab8
21. a4 Rfd8 22. Ne4 Rbc8 23. a5 Bc7 24. Bf4 Bb8 25. Nc5 Ng6 26. Bg5 Rd5 27. Ne4 Re8 28. Rc4 h6 29. Bd2 Nh4+ 30. Kh3 Nxf3
31. Kg2 Nxd2 32. Nxd2 e5 33. Rd1 f5 34. f3 e4 35. fxe4 fxe4 36. Nxe4 Be5 37. Rd3 Bxh2 38. Rcxd4 Rxd4 39. Rxd4 Bc7 40. Rc4 Be5
41. Nc5
1-0

[Event "1.d4 e6 variations"]
[Site "SchemingMind.com"]
[Date "2009.05.05"]
[Round "-"]
[White "cnile"]
[Black "lame wolf"]
[Result "1-0"]
[WhiteCountry "SCO"]
[BlackCountry "INT"]
[WhiteElo "1533"]
[WhiteRD "67"]
[BlackElo "1075"]
[BlackRD "42"]
[GameID "203411"]

1. d4 e6 2. c4 d5 3. Nf3 c5 4. cxd5 Qxd5 5. Nc3 Qd8 6. Bf4 Bd6 7. Bxd6 Nd7 8. e4 cxd4 9. Qxd4 b6 10. Qxg7 Qf6
11. Qxf6 Ngxf6 12. O-O-O Bb7 13. Bd3 Rg8 14. Rhg1 Nc5 15. Bb5+ Kd8 16. Be5+ Ke7 17. Bd6+ Kd8 18. Bxc5+ Kc7 19. Bd4 Nh5 20. Kb1 Bc6
21. Be5+ Kb7 22. Bxc6+ Kxc6 23. Nd4+ Kd7 24. Ndb5+ Ke7 25. g3 f6 26. Bd6+ Kf7 27. g4 e5 28. gxh5 Rxg1 29. Rxg1 Ke6 30. Rg7 Rc8
31. Re7#
1-0

[Event "1.d4 e6 variations"]
[Site "SchemingMind.com"]
[Date "2009.05.05"]
[Round "-"]
[White "cnile"]
[Black "Zugzwang"]
[Result "0-1"]
[WhiteCountry "SCO"]
[BlackCountry "CAN"]
[WhiteElo "1533"]
[WhiteRD "67"]
[BlackElo "1482"]
[BlackRD "58"]
[GameID "203412"]

1. d4 e6 2. c4 f5 3. g3 c6 4. Bg2 d5 5. Nc3 Nf6 6. Nf3 Bb4 7. O-O Bxc3 8. bxc3 O-O 9. c5 Bd7 10. Qb3 Be8
11. Bg5 b5 12. Qc2 Qc7 13. Ne5 Ne4 14. Bf4 Qa5 15. Rfc1 Bh5 16. f3 Nf6 17. h3 Nbd7 18. Nxd7 Nxd7 19. Bd6 Rf6 20. a4 Qd8
21. axb5 cxb5 22. Rcb1 Rg6 23. g4 Qg5 24. gxh5 Qxg2#
0-1

[Event "1.d4 e6 variations"]
[Site "SchemingMind.com"]
[Date "2009.05.06"]
[Round "-"]
[White "cnile"]
[Black "Shaka"]
[Result "0-1"]
[WhiteCountry "SCO"]
[BlackCountry "VEN"]
[WhiteElo "1512"]
[WhiteRD "68"]
[BlackElo "1786"]
[BlackRD "73"]
[GameID "203413"]

1. d4 e6 2. c4 g6 3. e4 Bg7 4. Nf3 Ne7 5. Nc3 c6 6. Be3 d5 7. cxd5 exd5 8. e5 O-O 9. Qd2 Bg4 10. Be2 Nf5
11. O-O Nxe3 12. Qxe3 Nd7 13. h3 Bxf3 14. Bxf3 Re8 15. Na4 Qa5 16. Qb3 Nb6 17. Nc5 Re7 18. Rfe1 Nc4 19. Qxb7 Rxb7 20. Nxb7 Qb6
21. Nc5 Qxb2 22. Bg4 Qxd4 23. Nd7 h5 24. Bf3 Nd2 25. Kh2 Qxf2 26. e6 Nxf3+ 27. Kh1 Nxe1 28. exf7+ Kh7 29. f8=Q Qxg2#
0-1

[Event "1.d4 e6 variations"]
[Site "SchemingMind.com"]
[Date "2009.05.06"]
[Round "-"]
[White "cnile"]
[Black "swashbuckler"]
[Result "0-1"]
[WhiteCountry "SCO"]
[BlackCountry "GBR"]
[WhiteElo "1512"]
[WhiteRD "68"]
[BlackElo "1880"]
[BlackRD "85"]
[GameID "203414"]

1. d4 e6 2. c4 Nf6 3. Nf3 b6 4. e3 Bb7 5. Bd3 c5 6. Nc3 Be7 7. e4 cxd4 8. Nxd4 d6 9. O-O Nc6 10. Be3 O-O
11. f4 Nb4 12. Be2 d5 13. cxd5 exd5 14. e5 Nd7 15. Bf3 Nc5 16. Kh1 Ne4 17. Nxe4 dxe4 18. Bg4 Nd5 19. Re1 Nxe3 20. Rxe3 Bc5
21. Ne6 fxe6 22. Bxe6+ Kh8 23. Rd3 exd3 24. Qg4 Qd4 25. Bf5 Rxf5 26. Qxf5 Qe4 27. Qf7 Qxg2#
0-1

[Event "1.d4 e6 variations"]
[Site "SchemingMind.com"]
[Date "2009.05.05"]
[Round "-"]
[White "cnile"]
[Black "maro"]
[Result "0-1"]
[WhiteCountry "SCO"]
[BlackCountry "MEX"]
[WhiteElo "1533"]
[WhiteRD "67"]
[BlackElo "1335"]
[BlackRD "48"]
[GameID "203415"]

1. d4 e6 2. e4 d5 3. Nd2 Nc6 4. Ngf3 f6 5. Bd3 Nb4 6. Bb5+ Bd7 7. Bxd7+ Qxd7 8. c3 Nd3+ 9. Kf1 Nf4 10. e5 f5
11. Nb3 Qb5+ 12. Kg1 Ne2+ 13. Kf1 Nxc3+ 14. Kg1 Nxd1 15. Nc5 Bxc5 16. dxc5 Qxc5 17. Be3 Nxe3 18. h3 O-O-O 19. Kh2 h6 20. Rac1 Ng4+
21. Kg3 Qxf2+ 22. Kf4 g5#
0-1

[Event "1.d4 e6 variations"]
[Site "SchemingMind.com"]
[Date "2009.05.05"]
[Round "-"]
[White "cnile"]
[Black "aadaam"]
[Result "0-1"]
[WhiteCountry "SCO"]
[BlackCountry "INT"]
[WhiteElo "1533"]
[WhiteRD "67"]
[BlackElo "1688"]
[BlackRD "47"]
[GameID "203416"]

1. d4 e6 2. c4 Nf6 3. Nf3 d5 4. Bg5 Be7 5. e3 O-O 6. Nc3 h6 7. Bf4 c5 8. Nb5 Na6 9. Qa4 Bd7 10. cxd5 Nxd5
11. Qd1 Nxf4 12. exf4 Bf6 13. Rb1 cxd4 14. Nbxd4 Qa5+ 15. Qd2 Qxa2 16. Qd3 Bb5 17. Nxb5 Rfd8 18. Qe4 Nc5 19. Qc2 Qa5+ 20. Nc3 Na4
21. Be2 Nxc3 22. bxc3 Bxc3+ 23. Kf1 b6 24. Ne5 Bxe5 25. fxe5 Qxe5 26. h4 Rac8 27. Qb2 Qxb2 28. Rxb2 Rc1+ 29. Bd1 Rdxd1+ 30. Ke2 Rxh1
0-1

[Event "1.d4 e6 variations"]
[Site "SchemingMind.com"]
[Date "2009.05.05"]
[Round "-"]
[White "cnile"]
[Black "misol"]
[Result "0-1"]
[WhiteCountry "SCO"]
[BlackCountry "CAN"]
[WhiteElo "1533"]
[WhiteRD "67"]
[BlackElo "1424"]
[BlackRD "113"]
[GameID "203417"]

1. d4 e6 2. c4 b6 3. Nf3 Bb7 4. e3 d5 5. Nc3 Nf6 6. b3 Bb4 7. Bb2 O-O 8. Rc1 dxc4 9. Bxc4 Nc6 10. O-O Re8
11. a3 Bxc3 12. Rxc3 Ne7 13. Qe2 Ne4 14. Rcc1 Qd6 15. Bd3 Nf6 16. Ne5 Nd7 17. f4 f6 18. Qh5 fxe5 19. Qxh7+ Kf7 20. fxe5+ Nf6
21. exf6 Rg8 22. fxe7+ Kxe7 23. Bg6 Qd5 24. Rxc7+ Kd6 25. Rxg7 Rxg7 26. Qxg7 Qxg2#
0-1

[Event "1.d4 e6 variations"]
[Site "SchemingMind.com"]
[Date "2009.05.05"]
[Round "-"]
[White "lame wolf"]
[Black "cnile"]
[Result "0-1"]
[WhiteCountry "INT"]
[BlackCountry "SCO"]
[WhiteElo "1075"]
[WhiteRD "42"]
[BlackElo "1533"]
[BlackRD "67"]
[GameID "203418"]

1. d4 e6 2. c4 Nf6 3. Qc2 Nc6 4. Nf3 d5 5. c5 b6 6. Bg5 Bb7 7. e4 dxe4 8. Qxe4 Nxe4 9. Bxd8 Rxd8 10. Nbd2 Nxd2
11. Nxd2 Rxd4 12. b3 Bxc5 13. Bc4 O-O 14. Rd1 Rfd8 15. O-O Rxd2 16. Be2 Rxe2 17. Rde1 Rxe1
0-1

[Event "1.d4 e6 variations"]
[Site "SchemingMind.com"]
[Date "2009.05.05"]
[Round "-"]
[White "Zugzwang"]
[Black "cnile"]
[Result "1-0"]
[WhiteCountry "CAN"]
[BlackCountry "SCO"]
[WhiteElo "1474"]
[WhiteRD "59"]
[BlackElo "1512"]
[BlackRD "68"]
[GameID "203419"]

1. d4 e6 2. e3 Nf6 3. Be2 b6 4. Nd2 Bb7 5. Ngf3 c5 6. O-O Nc6 7. Re1 cxd4 8. Nxd4 Be7 9. Bd3 Nxd4 10. exd4 d5
11. Re3 h6 12. f4 O-O 13. Nf3 Rc8 14. h3 Qc7 15. Ne5 Nd7 16. Rg3 Bf6 17. Qg4 Rfe8 18. Qh5 Nf8 19. Qxh6 Qd8 20. c3 a6
21. Qh5 Rc7 22. f5 Bc8 23. Bh6 exf5 24. Bxf5 Bxf5 25. Rf1 Bg6 26. Nxg6 Nxg6 27. Rxg6 fxg6 28. Qxg6 Rc6 29. Rxf6 Qe7 30. Bxg7 Qe3+
31. Kh2 Qf4+ 32. Rxf4 Rxg6 33. Be5 Kh7 34. Rf7+ Kh6 35. Bf4+ Kh5 36. g4+ Kh4 37. Rh7+ Rh6 38. Rxh6#
1-0

[Event "1.d4 e6 variations"]
[Site "SchemingMind.com"]
[Date "2009.05.06"]
[Round "-"]
[White "Shaka"]
[Black "cnile"]
[Result "1-0"]
[WhiteCountry "VEN"]
[BlackCountry "SCO"]
[WhiteElo "1786"]
[WhiteRD "73"]
[BlackElo "1512"]
[BlackRD "68"]
[GameID "203420"]

1. d4 e6 2. g3 d5 3. Bg2 Nf6 4. Bg5 c6 5. Nd2 Be7 6. Ngf3 Nbd7 7. O-O h6 8. Bxf6 Bxf6 9. e4 b5 10. a4 a6
11. Re1 O-O 12. exd5 exd5 13. axb5 axb5 14. Rxa8 Nb6 15. Ra7 Bg4 16. c3 Nc4 17. Nxc4 Qb8 18. Qa1 bxc4 19. Ne5 Qc8 20. Nxg4 Qxg4
21. Qa6 h5 22. Qxc6 h4 23. Qxd5 hxg3 24. hxg3 Rd8 25. Qxf7+ Kh7 26. Ra5 Bg5 27. Be4+ Kh8 28. Kg2 Bf6 29. Rh5+ Qxh5 30. Qxh5+ Kg8
31. Bd5+
1-0

[Event "1.d4 e6 variations"]
[Site "SchemingMind.com"]
[Date "2009.05.06"]
[Round "-"]
[White "swashbuckler"]
[Black "cnile"]
[Result "1-0"]
[WhiteCountry "GBR"]
[BlackCountry "SCO"]
[WhiteElo "1880"]
[WhiteRD "85"]
[BlackElo "1512"]
[BlackRD "68"]
[GameID "203421"]

1. d4 e6 2. e4 d5 3. e5 c5 4. c3 Nc6 5. Nf3 Bd7 6. Be2 cxd4 7. cxd4 Qb6 8. O-O Be7 9. Nc3 f6 10. Re1 fxe5
11. dxe5 Bc5 12. Na4 Bxf2+ 13. Kf1 Qb4 14. Bd2 Qe7 15. Kxf2 O-O-O 16. Bg5 Nf6 17. exf6 gxf6 18. Bd2 e5 19. Rc1 Kb8 20. Qb3 d4
21. Nc5 Bc8 22. Na6+
1-0

[Event "1.d4 e6 variations"]
[Site "SchemingMind.com"]
[Date "2009.05.06"]
[Round "-"]
[White "maro"]
[Black "cnile"]
[Result "0-1"]
[WhiteCountry "MEX"]
[BlackCountry "SCO"]
[WhiteElo "1333"]
[WhiteRD "51"]
[BlackElo "1512"]
[BlackRD "68"]
[GameID "203422"]

1. d4 e6 2. e4 d5 3. e5 c5 4. c3 Nc6 5. Bb5 Ne7 6. dxc5 a6 7. Bxc6+ bxc6 8. Ne2 Nf5 9. b4 Be7 10. O-O O-O
11. Qd3 a5 12. a3 axb4 13. cxb4 Ba6 14. b5 Bxb5 15. Qc3 Bxe2 16. Re1 Bc4 17. Qb4 Nd4 18. Qc3 Nb3 19. Ra2 Bxc5 20. Be3 Bxe3
21. Qxe3 Qa5 22. Nc3 Rfb8 23. Rb2 Qxa3 24. Ree2 Bxe2 25. Qxe2 Nd4 26. Qd2 Qxc3 27. Qxc3 Ne2+ 28. Rxe2 Rb1+ 29. Re1 Rxe1+ 30. Qxe1 c5
31. g3 g6 32. f4 d4 33. Qe4 Rd8 34. Qc6 d3 35. Qb6 Rd5 36. Qb8+ Kg7 37. Qb3 d2 38. Qd1 c4 39. Kf2 c3 40. Ke3 h5
41. h4 Kf8 42. Ke4= c2 43. Qxc2 d1=Q 44. Qc8+ Kg7
0-1

[Event "1.d4 e6 variations"]
[Site "SchemingMind.com"]
[Date "2009.05.05"]
[Round "-"]
[White "aadaam"]
[Black "cnile"]
[Result "1-0"]
[WhiteCountry "INT"]
[BlackCountry "SCO"]
[WhiteElo "1677"]
[WhiteRD "50"]
[BlackElo "1512"]
[BlackRD "68"]
[GameID "203423"]

1. d4 e6 2. e4 d5 3. Nc3 Nf6 4. Bg5 Be7 5. e5 Nfd7 6. Bxe7 Qxe7 7. f4 a6 8. Nf3 c5 9. a3 Nc6 10. Be2 b5
11. O-O Bb7 12. dxc5 Nxc5 13. Nd4 O-O 14. b4 Nd7 15. Bf3 Rfc8 16. Nce2 Nxd4 17. Nxd4 Rc7 18. Qd3 Rac8 19. Bd1 Nb6 20. Nb3 Qh4
21. Nc5 Nc4 22. g3 Qd8 23. Bg4 a5 24. Nxe6 Qd7 25. Nxc7 Qxg4 26. Nxb5 Qh3 27. Nd4 axb4 28. axb4 Qd7 29. Ra7 Rc7 30. Rfa1 g6
31. c3 Qg4 32. Nb5 Re7 33. Nd6 Nxd6 34. exd6 Rd7 35. Rxb7 Rxb7 36. Qxd5 Rd7 37. c4 Qe2 38. Ra8+ Kg7 39. Qe5+ Kh6 40. Qxe2
1-0

[Event "1.d4 e6 variations"]
[Site "SchemingMind.com"]
[Date "2009.05.06"]
[Round "-"]
[White "misol"]
[Black "cnile"]
[Result "1-0"]
[WhiteCountry "CAN"]
[BlackCountry "SCO"]
[WhiteElo "1714"]
[WhiteRD "101"]
[BlackElo "1467"]
[BlackRD "69"]
[GameID "203424"]

1. d4 e6 2. c4 Nf6 3. Bg5 Bb4+ 4. Nc3 O-O 5. e3 c5 6. Nf3 Qa5 7. Rc1 Bxc3+ 8. bxc3 Ne4 9. Ne5 Nxg5 10. Qd3 f6
11. Nf3 Nxf3+ 12. gxf3 Qxa2 13. Qc2 Qxc2 14. Rxc2 cxd4 15. cxd4 Nc6 16. c5 Rd8 17. Bc4 Kh8 18. f4 d5 19. Bb3 a5 20. Ra2 Nb4
21. Ra1 Bd7 22. Kf1 Bb5+ 23. Kg1 Bd3 24. h4 Bc2 25. Bxc2 Nxc2 26. Rb1 Nb4 27. Kg2 Rdc8 28. Ra1 a4 29. Rhb1 Nc6 30. Rxb7 a3
31. Rb3 a2 32. Rb2 h5 33. Rbxa2 Rxa2 34. Rxa2 Ne7 35. Ra6 e5 36. fxe5 fxe5 37. Re6 Nc6 38. dxe5 Nb4 39. Rb6 Nd3 40. Rd6 Nxe5
41. Rxd5 Ng6 42. Rxh5+ Kg8 43. f4 Nxh4+ 44. Rxh4 Rxc5 45. Kf3 Kf7 46. Rh3 Kf6 47. e4 Rc1 48. e5+ Ke6 49. Rh7 Kf7 50. f5 Rc4
51. f6 Kg8 52. Rxg7+ Kf8 53. e6 Rc6 54. Rf7+ Kg8 55. Rg7+ Kf8 56. e7+ Ke8 57. Rg8+ Kf7 58. e8=Q+ Kxf6 59. Qxc6+ Ke7 60. Ra8 Kf7
61. Ra7+ Kf8 62. Qc8#
1-0